[Event "WC-2022-S-00003"]
[Site "LSS email"]
[Date "2022.06.21"]
[Round "?"]
[White "Maur, Rainer"]
[Black "Felicio, Clairton"]
[Result "1/2-1/2"]
[WhiteElo "2313"]
[BlackElo "2353"]
[PlyCount "48"]
[EventDate "2022.06.21"]
[EventType "tourn (corr)"]
[EventRounds "12"]
[EventCountry "GER"]
[SourceTitle "Corr 2024"]
[Source "ChessBase"]
[SourceDate "2023.10.19"]
[SourceVersion "1"]
[SourceVersionDate "2023.10.19"]
[SourceQuality "1"]

1. e4 c5 2. Nf3 d6 3. d4 cxd4 4. Nxd4 Nf6 5. Nc3 a6 6. Bg5 e6 7. f4 h6 8. Bh4 Qb6 9. Qd2 Qxb2 10. Rb1 Qa3 11. Be2 Be7 12. 0-0 Nbd7 13. f5 Ne5 14. fxe6 fxe6 15. Rb3 Qa5 16. Bh5+ Nf7 17. Bxf7+ Kxf7 18. Nf3 Rf8 19. h3 Qc5+ 20. Rf2 e5 21. Bxf6 Bxf6 22. Nd5 Kg8 23. Rc3 Qa7 24. Rc7 Be6 1/2-1/2

[Event "ST-2021-0-00206"]
[Site "LSS email"]
[Date "2021.11.18"]
[Round "?"]
[White "Felicio, Clairton"]
[Black "Kahl, Fred"]
[Result "1/2-1/2"]
[WhiteElo "2368"]
[BlackElo "2420"]
[PlyCount "50"]
[EventDate "2021.10.24"]
[EventType "tourn (corr)"]
[EventRounds "6"]
[EventCountry "GER"]
[SourceTitle "Corr 2024"]
[Source "ChessBase"]
[SourceDate "2023.10.19"]
[SourceVersion "1"]
[SourceVersionDate "2023.10.19"]
[SourceQuality "1"]

1. d4 Nf6 2. c4 g6 3. Nc3 d5 4. cxd5 Nxd5 5. e4 Nxc3 6. bxc3 Bg7 7. Qa4+ Nd7 8. Nf3 0-0 9. Qa3 c5 10. Be2 b6 11. 0-0 Bb7 12. e5 Qc7 13. Bg5 Rfc8 14. Rac1 Nf8 15. Be3 Qd7 16. dxc5 Ne6 17. cxb6 axb6 18. Qb4 Rxa2 19. Rfd1 Qc7 20. Bxb6 Qc6 21. Bf1 Bh6 22. Ra1 Rxa1 23. Rxa1 Qxc3 24. Qxc3 Rxc3 25. Nd4 Nxd4 1/2-1/2

[Event "ST-2021-0-00206"]
[Site "LSS email"]
[Date "2021.11.18"]
[Round "?"]
[White "Felicio, Clairton"]
[Black "Martin, Angel"]
[Result "1/2-1/2"]
[WhiteElo "2368"]
[BlackElo "2381"]
[PlyCount "49"]
[EventDate "2021.10.24"]
[EventType "tourn (corr)"]
[EventRounds "6"]
[EventCountry "GER"]
[SourceTitle "Corr 2024"]
[Source "ChessBase"]
[SourceDate "2023.10.19"]
[SourceVersion "1"]
[SourceVersionDate "2023.10.19"]
[SourceQuality "1"]

1. d4 Nf6 2. c4 c5 3. d5 e6 4. Nc3 exd5 5. cxd5 d6 6. e4 g6 7. f4 Bg7 8. Bb5+ Nfd7 9. a4 0-0 10. Nf3 Na6 11. 0-0 Nb4 12. Re1 a6 13. Bf1 Re8 14. h3 f5 15. Qb3 fxe4 16. Nxe4 Nf6 17. Nxf6+ Bxf6 18. Bd2 Rxe1 19. Rxe1 Bf5 20. g4 Bd7 21. Bc3 Qf8 22. a5 Re8 23. Rxe8 Bxe8 24. Kf2 Qe7 25. g5 1/2-1/2

[Event "ST-2021-0-00206"]
[Site "LSS email"]
[Date "2021.11.18"]
[Round "?"]
[White "Sorcinelli, Andrea"]
[Black "Felicio, Clairton"]
[Result "1/2-1/2"]
[WhiteElo "2366"]
[BlackElo "2368"]
[PlyCount "39"]
[EventDate "2021.10.24"]
[EventType "tourn (corr)"]
[EventRounds "6"]
[EventCountry "GER"]
[SourceTitle "Corr 2024"]
[Source "ChessBase"]
[SourceDate "2023.10.19"]
[SourceVersion "1"]
[SourceVersionDate "2023.10.19"]
[SourceQuality "1"]

1. e4 c5 2. Nf3 d6 3. d4 cxd4 4. Nxd4 Nf6 5. Nc3 a6 6. f3 e5 7. Nb3 Be6 8. Be3 h5 9. Nd5 Bxd5 10. exd5 Nbd7 11. Qd2 g6 12. 0-0-0 Nb6 13. Kb1 Nbxd5 14. Bg5 Be7 15. g3 Nb6 16. Bxf6 Bxf6 17. Qxd6 h4 18. g4 Na4 19. Bc4 Qxd6 20. Rxd6 1/2-1/2

[Event "WC-2021-S-00006"]
[Site "LSS email"]
[Date "2021.04.03"]
[Round "?"]
[White "Felicio, Clairton"]
[Black "Maur, Rainer"]
[Result "1/2-1/2"]
[WhiteElo "2357"]
[BlackElo "2303"]
[PlyCount "56"]
[EventDate "2021.04.03"]
[EventType "tourn (corr)"]
[EventRounds "6"]
[EventCountry "GER"]
[SourceTitle "Corr 2024"]
[Source "ChessBase"]
[SourceDate "2023.10.19"]
[SourceVersion "1"]
[SourceVersionDate "2023.10.19"]
[SourceQuality "1"]

1. c4 Nf6 2. Nf3 e6 3. d4 d5 4. g3 Bb4+ 5. Bd2 Be7 6. Bg2 0-0 7. 0-0 Nbd7 8. Qc2 c6 9. Rd1 b6 10. Bf4 Ba6 11. Nbd2 Nh5 12. Be3 Rc8 13. Rac1 Nhf6 14. Bg5 h6 15. Bxf6 Nxf6 16. e4 dxc4 17. Nxc4 Qc7 18. Nfe5 Bb7 19. a4 Rfd8 20. f4 c5 21. d5 exd5 22. exd5 Bxd5 23. Rxd5 Rxd5 24. Bxd5 Nxd5 25. Nxf7 Kxf7 26. Qf5+ Nf6 27. Ne5+ Kg8 28. Qe6+ Kh7 1/2-1/2

[Event "WC-2021-S-00006"]
[Site "LSS email"]
[Date "2021.04.03"]
[Round "?"]
[White "Glatthaar, Michael"]
[Black "Felicio, Clairton"]
[Result "1/2-1/2"]
[WhiteElo "2501"]
[BlackElo "2357"]
[PlyCount "81"]
[EventDate "2021.04.03"]
[EventType "tourn (corr)"]
[EventRounds "6"]
[EventCountry "GER"]
[SourceTitle "Corr 2024"]
[Source "ChessBase"]
[SourceDate "2023.10.19"]
[SourceVersion "1"]
[SourceVersionDate "2023.10.19"]
[SourceQuality "1"]

1. e4 c5 2. Nf3 d6 3. d4 cxd4 4. Nxd4 Nf6 5. Nc3 a6 6. Be3 e5 7. Nb3 Be6 8. f3 h5 9. Nd5 Bxd5 10. exd5 Nbd7 11. Qd2 g6 12. 0-0-0 Nb6 13. Qa5 Bh6 14. Bxh6 Rxh6 15. Qd2 Rh8 16. f4 Nbd7 17. fxe5 Nxe5 18. Be2 Nfd7 19. h4 Kf8 20. Nd4 Qe7 21. Kb1 Re8 22. a3 Kg8 23. Ka2 Nb6 24. Bf3 Nec4 25. Qb4 Qc7 26. Rd3 a5 27. Qb5 Kg7 28. Rc3 Qc5 29. Qxc5 dxc5 30. Nb3 Re7 31. d6 Re5 32. Nc1 Nxd6 33. Nd3 Re7 34. Nxc5 Rc8 35. Rb3 Rxc5 36. Rxb6 Nc4 37. Rxb7 Rxb7 38. Bxb7 Nd6 39. Ba8 Rxc2 40. Kb3 Re2 41. Bf3 1/2-1/2

[Event "WC-2021-S-00006"]
[Site "LSS email"]
[Date "2021.04.03"]
[Round "?"]
[White "Maur, Rainer"]
[Black "Felicio, Clairton"]
[Result "1/2-1/2"]
[WhiteElo "2303"]
[BlackElo "2357"]
[PlyCount "68"]
[EventDate "2021.04.03"]
[EventType "tourn (corr)"]
[EventRounds "6"]
[EventCountry "GER"]
[SourceTitle "Corr 2024"]
[Source "ChessBase"]
[SourceDate "2023.10.19"]
[SourceVersion "1"]
[SourceVersionDate "2023.10.19"]
[SourceQuality "1"]

1. e4 e5 2. Nf3 Nc6 3. Bb5 a6 4. Ba4 Nf6 5. 0-0 Be7 6. d3 b5 7. Bb3 0-0 8. a4 Bb7 9. Re1 d6 10. Nbd2 Na5 11. Ba2 c5 12. Nf1 bxa4 13. Ne3 Bc8 14. Nh4 Bd7 15. Nhf5 Rb8 16. Qf3 Kh8 17. Qg3 Ne8 18. Nxe7 Qxe7 19. Nd5 Qd8 20. f4 Nc6 21. fxe5 Nxe5 22. Bf4 f6 23. c3 Be6 24. Re2 Rb7 25. d4 cxd4 26. cxd4 Ng6 27. Nc3 Nxf4 28. Qxf4 Nc7 29. Bxe6 Nxe6 30. Qf2 Rb4 31. Rxa4 Rxa4 32. Nxa4 Qa5 33. Nc3 h6 34. h3 Rc8 1/2-1/2

[Event "ST-2020-0-00171"]
[Site "LSS email"]
[Date "2020.11.15"]
[Round "?"]
[White "Felicio, Clairton"]
[Black "Willmann, Bernd"]
[Result "1/2-1/2"]
[WhiteElo "2355"]
[BlackElo "2366"]
[PlyCount "59"]
[EventDate "2020.10.23"]
[EventType "tourn (corr)"]
[EventRounds "6"]
[EventCountry "GER"]
[SourceTitle "Corr 2024"]
[Source "ChessBase"]
[SourceDate "2023.10.19"]
[SourceVersion "1"]
[SourceVersionDate "2023.10.19"]
[SourceQuality "1"]

1. e4 c5 2. Nf3 d6 3. d4 cxd4 4. Nxd4 Nf6 5. Nc3 a6 6. Be2 e5 7. Nb3 Be7 8. 0-0 0-0 9. Be3 Be6 10. Qd3 Nbd7 11. a4 Rc8 12. a5 Qc7 13. Rfd1 Rfd8 14. Bf3 Nc5 15. Nxc5 dxc5 16. Nd5 Nxd5 17. exd5 f5 18. Qb3 Bf7 19. c4 e4 20. Be2 f4 21. Bd2 Rf8 22. Qb6 Qxb6 23. axb6 Bd6 24. Bg4 Rce8 25. Bc3 h5 26. Bd7 Re7 27. Bf5 Be8 28. Bc8 Kh7 29. Re1 Bg6 30. Be6 1/2-1/2

[Event "ST-2020-0-00171"]
[Site "LSS email"]
[Date "2020.11.15"]
[Round "?"]
[White "Kahl, Fred"]
[Black "Felicio, Clairton"]
[Result "1/2-1/2"]
[WhiteElo "2401"]
[BlackElo "2355"]
[PlyCount "53"]
[EventDate "2020.10.23"]
[EventType "tourn (corr)"]
[EventRounds "6"]
[EventCountry "GER"]
[SourceTitle "Corr 2024"]
[Source "ChessBase"]
[SourceDate "2023.10.19"]
[SourceVersion "1"]
[SourceVersionDate "2023.10.19"]
[SourceQuality "1"]

1. e4 e5 2. Nf3 Nc6 3. Bc4 Nf6 4. d3 Bc5 5. c3 a6 6. a4 Ba7 7. 0-0 0-0 8. Re1 d6 9. h3 h6 10. Nbd2 Be6 11. b4 Qd7 12. Rb1 Bxc4 13. Nxc4 b5 14. Ne3 Ne7 15. Ra1 Ng6 16. Nf5 d5 17. Qc2 Rfd8 18. Be3 Bxe3 19. Nxe3 c6 20. Ra3 Rac8 21. axb5 axb5 22. Rea1 dxe4 23. dxe4 c5 24. bxc5 Rxc5 25. Rd1 Qc7 26. Rxd8+ Qxd8 27. Nd2 1/2-1/2

[Event "ST-2020-0-00171"]
[Site "LSS email"]
[Date "2020.11.15"]
[Round "?"]
[White "Wosch, Arkadiusz"]
[Black "Felicio, Clairton"]
[Result "1/2-1/2"]
[WhiteElo "2334"]
[BlackElo "2355"]
[PlyCount "63"]
[EventDate "2020.10.23"]
[EventType "tourn (corr)"]
[EventRounds "6"]
[EventCountry "GER"]
[SourceTitle "Corr 2024"]
[Source "ChessBase"]
[SourceDate "2023.10.19"]
[SourceVersion "1"]
[SourceVersionDate "2023.10.19"]
[SourceQuality "1"]

1. e4 e6 2. d4 d5 3. Nc3 Nf6 4. Bg5 dxe4 5. Nxe4 Be7 6. Bxf6 gxf6 7. Nf3 f5 8. Ng3 h5 9. h4 c5 10. c3 cxd4 11. Bb5+ Kf8 12. Qxd4 Qxd4 13. cxd4 Bb4+ 14. Ke2 a6 15. Rhc1 Ke7 16. Bc4 b5 17. Bb3 a5 18. Kf1 a4 19. Bc2 Bd6 20. Bd3 b4 21. Re1 Bxg3 22. fxg3 a3 23. bxa3 Rxa3 24. Bxf5 Bb7 25. Be4 Bxe4 26. Rxe4 Nd7 27. Rae1 Nf6 28. Re5 Rxa2 29. d5 Nd7 30. R5e4 b3 31. dxe6 Nc5 32. Rc4 1/2-1/2

[Event "WC-2020-S-00003"]
[Site "LSS email"]
[Date "2020.06.08"]
[Round "?"]
[White "Felicio, Clairton"]
[Black "Corti, Horacio"]
[Result "1/2-1/2"]
[WhiteElo "2336"]
[BlackElo "2263"]
[PlyCount "79"]
[EventDate "2020.06.08"]
[EventType "tourn (corr)"]
[EventRounds "12"]
[EventCountry "GER"]
[SourceTitle "Corr 2024"]
[Source "ChessBase"]
[SourceDate "2023.10.19"]
[SourceVersion "1"]
[SourceVersionDate "2023.10.19"]
[SourceQuality "1"]

1. d4 Nf6 2. c4 e6 3. Nf3 b6 4. a3 Bb7 5. Nc3 d5 6. Bg5 Be7 7. e3 0-0 8. Rc1 Nbd7 9. cxd5 exd5 10. Be2 c5 11. 0-0 h6 12. Bh4 Ne4 13. Bxe7 Qxe7 14. dxc5 Nxc3 15. Rxc3 bxc5 16. b4 c4 17. Nd4 a6 18. Qc2 Nf6 19. Bf3 Rfd8 20. h3 g6 21. Rb1 Nh7 22. g3 Rd6 23. h4 h5 24. Qd1 Nf6 25. a4 Nd7 26. Rc2 Ne5 27. Bg2 Rb6 28. b5 axb5 29. axb5 Qa3 30. Rcc1 Qd3 31. Qe1 Ra2 32. Ra1 Rd2 33. Ra3 Qxa3 34. Qxd2 Nd3 35. Rb1 Rf6 36. Rf1 Kg7 37. Ne2 Qa4 38. Nd4 Qa3 39. Ne2 Qc5 40. Nd4 1/2-1/2

[Event "ST-2020-0-00136"]
[Site "LSS email"]
[Date "2020.02.01"]
[Round "?"]
[White "Steinke, Ruediger"]
[Black "Felicio, Clairton"]
[Result "1/2-1/2"]
[WhiteElo "2362"]
[BlackElo "2377"]
[PlyCount "35"]
[EventDate "2020.01.20"]
[EventType "tourn (corr)"]
[EventRounds "6"]
[EventCountry "GER"]
[SourceTitle "Corr 2022"]
[Source "ChessBase"]
[SourceDate "2021.10.24"]
[SourceVersion "1"]
[SourceVersionDate "2021.10.24"]
[SourceQuality "1"]

1. e4 e5 2. Nf3 Nc6 3. Bb5 Nf6 4. 0-0 Nxe4 5. Re1 Nd6 6. Nxe5 Be7 7. Bf1 Nxe5 8. Rxe5 0-0 9. d4 Ne8 10. d5 d6 11. Re1 Bg5 12. c4 Bxc1 13. Qxc1 Bf5 14. Nc3 Nf6 15. Qd2 Qd7 16. Re3 Rfe8 17. Rae1 Rxe3 18. Rxe3 1/2-1/2

[Event "WC-2019-S-00003"]
[Site "LSS email"]
[Date "2019.08.28"]
[Round "?"]
[White "Felicio, Clairton"]
[Black "Cvak, Rudolf"]
[Result "1/2-1/2"]
[WhiteElo "2349"]
[BlackElo "2372"]
[PlyCount "50"]
[EventDate "2019.09.01"]
[EventType "tourn (corr)"]
[EventRounds "12"]
[EventCountry "GER"]
[SourceTitle "Corr 2024"]
[Source "ChessBase"]
[SourceDate "2023.10.19"]
[SourceVersion "1"]
[SourceVersionDate "2023.10.19"]
[SourceQuality "1"]

1. e4 e5 2. Nf3 Nc6 3. d4 exd4 4. Nxd4 Nf6 5. Nxc6 bxc6 6. e5 Qe7 7. Qe2 Nd5 8. c4 Nb6 9. Nd2 Qe6 10. b3 a5 11. Bb2 a4 12. g3 Bb4 13. Bg2 Qg6 14. Be4 Qh6 15. 0-0-0 0-0 16. Rhe1 axb3 17. axb3 d5 18. exd6 cxd6 19. Bxc6 Rb8 20. Qe3 Qxe3 21. Rxe3 Be6 22. Bc3 Ba3+ 23. Kc2 Rfc8 24. Bg2 d5 25. Ra1 Bf8 1/2-1/2

[Event "WC-2019-S-00003"]
[Site "LSS email"]
[Date "2019.08.28"]
[Round "?"]
[White "Felicio, Clairton"]
[Black "Schmidt, Johannes"]
[Result "1-0"]
[WhiteElo "2349"]
[BlackElo "2262"]
[PlyCount "57"]
[EventDate "2019.09.01"]
[EventType "tourn (corr)"]
[EventRounds "12"]
[EventCountry "GER"]
[SourceTitle "Corr 2024"]
[Source "ChessBase"]
[SourceDate "2023.10.19"]
[SourceVersion "1"]
[SourceVersionDate "2023.10.19"]
[SourceQuality "1"]

1. d4 d5 2. c4 e6 3. Nc3 Nf6 4. Nf3 dxc4 5. e4 Bb4 6. Bxc4 Nxe4 7. 0-0 Nxc3 8. bxc3 Bd6 9. Re1 0-0 10. Bd3 Nd7 11. Bc2 b6 12. Qd3 g6 13. Bh6 Re8 14. Ng5 Nf6 15. Qh3 b5 16. Rab1 a6 17. Nf3 Bb7 18. Bg5 Bxf3 19. Qxf3 Be7 20. Bxf6 Bxf6 21. a4 Kg7 22. Be4 Rb8 23. axb5 axb5 24. Bc6 Rh8 25. Rxb5 Rxb5 26. Bxb5 h5 27. g3 h4 28. Qb7 Qa8 29. Qxa8 1-0

[Event "WC-2019-S-00003"]
[Site "LSS email"]
[Date "2019.08.28"]
[Round "?"]
[White "Sidenko, Anatoly"]
[Black "Felicio, Clairton"]
[Result "1/2-1/2"]
[WhiteElo "2369"]
[BlackElo "2349"]
[PlyCount "81"]
[EventDate "2019.09.01"]
[EventType "tourn (corr)"]
[EventRounds "12"]
[EventCountry "GER"]
[SourceTitle "Corr 2024"]
[Source "ChessBase"]
[SourceDate "2023.10.19"]
[SourceVersion "1"]
[SourceVersionDate "2023.10.19"]
[SourceQuality "1"]

1. d4 Nf6 2. c4 e6 3. Nf3 b6 4. g3 Ba6 5. b3 Bb4+ 6. Bd2 Be7 7. Bg2 0-0 8. 0-0 d5 9. cxd5 exd5 10. Ne5 Bb7 11. Nc3 Nbd7 12. Rc1 Re8 13. Rc2 h6 14. Bf4 Nf8 15. Bc1 Ne6 16. e3 c6 17. Bb2 Bd6 18. Re1 Rc8 19. h4 Rc7 20. Rc1 Nf8 21. Re2 N8d7 22. Nd3 Ne4 23. Nxe4 dxe4 24. Ne5 f5 25. Bh3 Bxe5 26. dxe5 Nxe5 27. Qxd8 Nf3+ 28. Kg2 Rxd8 29. Bxf5 Re7 30. Rec2 Rd5 31. Bg6 h5 32. Rxc6 Bxc6 33. Rxc6 Rd8 34. Bxh5 Ne1+ 35. Kf1 Nd3 36. Bd4 Rf8 37. Rc2 Kh7 38. Bd1 g6 39. g4 Nb4 40. Rc4 Nd3 41. Rc2 1/2-1/2

[Event "WC-2018-Q-00006"]
[Site "LSS email"]
[Date "2018.09.16"]
[Round "?"]
[White "Felicio, Clairton"]
[Black "Zielinski, Sergej"]
[Result "1/2-1/2"]
[WhiteElo "2360"]
[BlackElo "2273"]
[PlyCount "61"]
[EventDate "2018.09.22"]
[EventType "tourn (corr)"]
[EventRounds "12"]
[EventCountry "GER"]
[SourceTitle "Corr 2022"]
[Source "ChessBase"]
[SourceDate "2021.10.24"]
[SourceVersion "1"]
[SourceVersionDate "2021.10.24"]
[SourceQuality "1"]

1. g3 d5 2. Nf3 Nf6 3. Bg2 c6 4. 0-0 Bg4 5. d4 Nbd7 6. h3 Bh5 7. c4 e6 8. cxd5 exd5 9. Nh4 Bg6 10. Nxg6 hxg6 11. Qb3 Qb6 12. Qe3+ Be7 13. Rd1 Ne4 14. Nc3 f5 15. Nxe4 dxe4 16. f3 exf3 17. exf3 Nf6 18. Qe6 Qc7 19. Bg5 Qd6 20. Qe1 Nd5 21. Bxe7 Qxe7 22. f4 0-0-0 23. Qxe7 Nxe7 24. Re1 Nd5 25. Rad1 Nc7 26. Re5 Rd6 27. Kf2 Rhd8 28. Re7 R8d7 29. Rxd7 Kxd7 30. Rd3 Na8 31. Ke2 1/2-1/2

[Event "WC-2018-Q-00006"]
[Site "LSS email"]
[Date "2018.09.16"]
[Round "?"]
[White "Margana, Adhy"]
[Black "Felicio, Clairton"]
[Result "1/2-1/2"]
[WhiteElo "2478"]
[BlackElo "2360"]
[PlyCount "42"]
[EventDate "2018.09.22"]
[EventType "tourn (corr)"]
[EventRounds "12"]
[EventCountry "GER"]
[SourceTitle "Corr 2022"]
[Source "ChessBase"]
[SourceDate "2021.10.24"]
[SourceVersion "1"]
[SourceVersionDate "2021.10.24"]
[SourceQuality "1"]

1. e4 c5 2. Nf3 Nc6 3. d4 cxd4 4. Nxd4 Nf6 5. Nc3 e5 6. Ndb5 d6 7. Bg5 a6 8. Na3 b5 9. Nd5 Be7 10. Bxf6 Bxf6 11. c3 Bg5 12. Nc2 Rb8 13. a4 bxa4 14. Ncb4 Nxb4 15. cxb4 0-0 16. Rxa4 a5 17. b5 Bd7 18. Nc3 d5 19. exd5 e4 20. Rxe4 f5 21. Rd4 Bf6 1/2-1/2

[Event "WC-2018-S-00002"]
[Site "LSS email"]
[Date "2018.07.11"]
[Round "?"]
[White "Felicio, Clairton"]
[Black "Szabo, Vilmos"]
[Result "1/2-1/2"]
[WhiteElo "2363"]
[BlackElo "2418"]
[PlyCount "91"]
[EventDate "2018.07.15"]
[EventType "tourn (corr)"]
[EventRounds "12"]
[EventCountry "GER"]
[SourceTitle "Corr 2024"]
[Source "ChessBase"]
[SourceDate "2023.10.19"]
[SourceVersion "1"]
[SourceVersionDate "2023.10.19"]
[SourceQuality "1"]

1. d4 Nf6 2. c4 e6 3. Nf3 b6 4. a3 Ba6 5. Qc2 Bb7 6. Nc3 c5 7. Bf4 cxd4 8. Nxd4 Nh5 9. Bd2 Bd6 10. e4 Nc6 11. Be3 0-0 12. Rd1 Bb8 13. Nxc6 Bxc6 14. Bd3 Nf4 15. 0-0 Be5 16. Bxf4 Bxf4 17. Ne2 Bc7 18. f4 Rc8 19. e5 g6 20. Nd4 Bb8 21. Nxc6 Rxc6 22. Qa4 Qc7 23. b3 d6 24. Be4 b5 25. Qxb5 Rb6 26. exd6 Rxd6 27. g3 Rfd8 28. Rxd6 Qxd6 29. Kg2 Qxa3 30. c5 Bc7 31. Qc4 Rb8 32. Rf3 Rb4 33. Qc2 Rd4 34. Rf2 Rb4 35. Rf3 Rd4 36. Rf2 Qb4 37. Re2 Rd8 38. Bf3 a5 39. h4 Qd4 40. Qc1 Kf8 41. Qc2 Ke7 42. Qc1 Kf6 43. Qe3 h6 44. Qc1 Ke7 45. Rc2 Kf8 46. Re2 1/2-1/2